Airplane flying handbook (Record no. 112275)
[ view plain ]
| 000 -LEADER | |
|---|---|
| fixed length control field | 01527nam a2200325Ia 4500 |
| 245 00 - TITLE STATEMENT | |
| Title | Airplane flying handbook |
| 260 ## - PUBLICATION, DISTRIBUTION, ETC. (IMPRINT) | |
| Place of publication | [Washington, DC] : |
| Name of publisher | U.S. Dept. of Transportation, Federal Aviation Administration, Flight Standards Service ; |
| Place of publication | Newcastle, Washington : |
| Name of publisher | Aviation Supplies & Academics, Inc., |
| Year of publication | 2009, |
| -- | c2004. |
| 300 ## - PHYSICAL DESCRIPTION | |
| Number of Pages | 1 v. (various pagings) : |
| Other physical details | col. ill. |
| 500 ## - GENERAL NOTE | |
| General note | "FAA-H-8083-3A." |
| General note | Originally published by the U.S. Dept. of Transportation, Federal Aviation Administration, Flight Standards Service. |
| 650 #0 - SUBJECT ADDED ENTRY--TOPICAL TERM | |
| Topical Term | Airplanes |
| Topical Term | Flight training |
| 856 40 - ELECTRONIC LOCATION AND ACCESS | |
| Uniform Resource Identifier | http://site.ebrary.com/lib/rucke/Doc?id=10366908 |
No items available.
